000 00722nam a22002177a 4500
005 20251108172832.0
008 250721s2002 xx 000 0 ara d
082 1 4 _a939/حمو
100 1 _aالحموري، خالد
245 1 0 _aمملكة العرب الأنباط - دراسة في الأحوال الإجتماعية و الإقتصادية /
264 1 _aالبتراء :
_bبيت الأنباط للنشر،
_c2002.
300 _a159 ص.
650 1 7 _aالأنباط
650 1 7 _aتاريخ الأردن
650 1 7 _aالأردن
650 1 7 _aالأحوال الإجتماعية
650 1 7 _aالأحوال الإقتصادية
650 1 7 _aالبتراء
942 _2ddc
_cBK
999 _c89661
_d89661